书目信息 |
| 题名: |
园林工程设计
|
|
| 作者: | 袁海龙 主编 | |
| 分册: | ||
| 出版信息: | 北京 化学工业出版社 2005.01 |
|
| 页数: | 379页 | |
| 开本: | 21cm | |
| 丛书名: | 园林工程建设技术丛书 | |
| 单 册: | ||
| 中图分类: | TU986.2 | |
| 科图分类: | ||
| 主题词: | 园林设计 | |
| 电子资源: | ||
| ISBN: | 7-5025-6260-5 | |
| 000 | 00923nam 2200253 450 | |
| 001 | 0173982588 | |
| 005 | 20050910145912.22 | |
| 010 | @a7-5025-6260-5@dCNY26.00 | |
| 100 | @a20050426d2005 km y0chiy0120 ea | |
| 101 | 0 | @achi |
| 102 | @aCN@b110000 | |
| 105 | @aa a 000yy | |
| 200 | 1 | @a园林工程设计@Ayuan lin gong cheng she ji@f袁海龙主编@Fyuan hai long zhu bian |
| 210 | @a北京@c化学工业出版社@d2005.01 | |
| 215 | @a379页@c图@d21cm | |
| 225 | 2 | @a园林工程建设技术丛书 |
| 320 | @a有书目 (第379页)。 | |
| 330 | @a本书将园林工程设计分为地形工程设计、园路工程设计、给排水工程设计、植物造景工程设计、绿地喷灌工程设计、水景工程设计、假山置石工程设计、供电工程设计和园林建筑小品设计9类,分别系统阐述了各类园林工程设计。 | |
| 410 | 0 | @12001 @a园林工程建设技术丛书 |
| 606 | 0 | @a园林设计 |
| 690 | @aTU986.2@v4 | |
| 701 | 0 | @a袁海龙@Ayuan hai long@4主编 |
| 801 | 0 | @aCN@bQSSK@c20050910 |
| 905 | @a10447@dTU986.2@eY893 | |
| 园林工程设计/袁海龙主编.-北京:化学工业出版社,2005.01 |
| 379页:图;21cm.-(园林工程建设技术丛书) |
| ISBN 7-5025-6260-5:CNY26.00 |
| 本书将园林工程设计分为地形工程设计、园路工程设计、给排水工程设计、植物造景工程设计、绿地喷灌工程设计、水景工程设计、假山置石工程设计、供电工程设计和园林建筑小品设计9类,分别系统阐述了各类园林工程设计。 |
| ● |
| 相关链接 |
|
|
|
正题名:园林工程设计
索取号:TU986.2/Y893
 
预约/预借
| 序号 | 登录号 | 条形码 | 馆藏地/架位号 | 状态 | 备注 |
| 1 | 568520 | 205685203 | 建筑库201/201建筑库 110排2列4层/ [索取号:TU986.2/Y893] | 在馆 | |
| 2 | 568521 | 205685212 | 建筑库201/201建筑库 110排2列4层/ [索取号:TU986.2/Y893] | 在馆 |